Poškodená osoba - jej postavenie a poistenie zodpovednosti
Vplyv poistenia zodpovednosti na právne postavenie poškodeného. Poškodený v ohnisku pôsobenia poistného a zodpovednostného vzťahu. Právo poškodeného požadovať plnenie od poisťovne. Uplatnenie nároku poškodeného na súde.
Na minha lista:
| Autor principal: | |
|---|---|
| Formato: | Capítulo de Livro |
| Idioma: | eslovaco |
| Assuntos: | |
| Tags: |
Sem tags, seja o primeiro a adicionar uma tag!
|
MARC
| LEADER | 00000naa a2200000 4500 | ||
|---|---|---|---|
| 001 | r042006 | ||
| 005 | 20230919092422.8 | ||
| 041 | 0 | |a slo | |
| 044 | |a SK | ||
| 245 | 1 | 0 | |a Poškodená osoba - jej postavenie a poistenie zodpovednosti |c Imrich Fekete |
| 520 | |a Vplyv poistenia zodpovednosti na právne postavenie poškodeného. Poškodený v ohnisku pôsobenia poistného a zodpovednostného vzťahu. Právo poškodeného požadovať plnenie od poisťovne. Uplatnenie nároku poškodeného na súde. | ||
| 610 | 2 | 0 | |a poistenie zodpovednostné |
| 610 | 2 | 0 | |a ochrana osobnosti |
| 610 | 2 | 0 | |a poistenie |
| 610 | 2 | 0 | |a plnenie poistné |
| 610 | 2 | 0 | |a odškodnenie |
| 610 | 2 | 0 | |a poisťovne |
| 610 | 2 | 0 | |a konanie súdne občianske |
| 100 | 1 | |a Fekete, Imrich | |